000 00639nam a2200277Ia 4500
005 20260401125657.0
008 008 300114s9999 xx 000 0 eng d
020 _a9788122476538
037 _aEBOOK
040 _aCRL
040 _beng
040 _cCRL
041 _2eng
041 _aeng
084 _qCRL
100 _aDukkipati, Rao V.
_91233800
245 0 _aMATLAB for Control System Engineers
250 _a2
260 _bNew Age
260 _c2022
650 _aElectrical
856 _uhttps://digital.elib4u.com/product-details/381732
942 _cEBOOK
999 _c1847612
_d1847612